[Event "Wch U20 Girls 40th"]
[Site "Gandhinagar"]
[Date "2024.06.13"]
[Round "11"]
[White "Aashi, Upadhayay"]
[Black "Cumacenko, Saule"]
[Result "1-0"]
[WhiteElo "1653"]
[BlackElo "1595"]
[PlyCount "91"]
[EventDate "2024.06.02"]
[EventType "swiss"]
[EventRounds "11"]
[EventCountry "IND"]
[SourceTitle "CBM 220 Extra"]
[Source "ChessBase"]
[SourceDate "2024.07.31"]
[SourceVersion "1"]
[SourceVersionDate "2024.07.31"]
[SourceQuality "1"]

1. e4 e5 2. Nf3 Nc6 3. Nc3 Bb4 4. d3 Nf6 5. Be2 0-0 6. 0-0 d5 7. exd5 Nxd5 8. Nxd5 Qxd5 9. a3 Bd6 10. c4 Qe6 11. Ng5 Qe7 12. b4 f6 13. Ne4 Qf7 14. Bh5 g6 15. Bf3 Rd8 16. Be3 Be7 17. Nc3 Nd4 18. Bd5 Be6 19. Bxb7 Rab8 20. Bd5 c6 21. Bxd4 cxd5 22. Bxa7 Rb7 23. cxd5 Bxd5 24. Nxd5 Rxd5 25. Be3 Rbd7 26. Qb3 Rxd3 27. Qxf7+ Kxf7 28. Rab1 f5 29. g3 g5 30. a4 f4 31. Bb6 Rb7 32. a5 Bd8 33. Bxd8 Rxd8 34. b5 Ra8 35. b6 Ra6 36. Rb5 Kf6 37. Rc1 Ra8 38. Rbc5 Ke6 39. Re1 f3 40. Rexe5+ Kd6 41. Red5+ Ke6 42. h3 Rd7 43. Rxd7 Kxd7 44. b7 Re8 45. Kf1 Rd8 46. Rd5+ 1-0

[Event "Wch U20 Girls 40th"]
[Site "Gandhinagar"]
[Date "2024.06.12"]
[Round "10"]
[White "Cumacenko, Saule"]
[Black "Sindhusree, K."]
[Result "0-1"]
[WhiteElo "1595"]
[BlackElo "1846"]
[PlyCount "70"]
[EventDate "2024.06.02"]
[EventType "swiss"]
[EventRounds "11"]
[EventCountry "IND"]
[SourceTitle "CBM 220 Extra"]
[Source "ChessBase"]
[SourceDate "2024.07.31"]
[SourceVersion "1"]
[SourceVersionDate "2024.07.31"]
[SourceQuality "1"]

1. e4 c5 2. Nc3 d6 3. g3 Nc6 4. Bg2 g6 5. d3 Bg7 6. Be3 e6 7. Qd2 Nge7 8. Bh6 0-0 9. h4 Bxh6 10. Qxh6 Kh8 11. g4 Ng8 12. Qe3 Nd4 13. 0-0-0 h6 14. Nce2 e5 15. f3 Qa5 16. a3 b5 17. Qd2 Nxe2+ 18. Nxe2 b4 19. c4 Bd7 20. Rdf1 Rab8 21. g5 h5 22. f4 Qa6 23. fxe5 bxa3 24. Qc3 axb2+ 25. Kd2 Kh7 26. exd6 Qxd6 27. e5 Qb6 28. Nf4 Qb3 29. Rb1 Qa2 30. Be4 Rb3 31. Qc2 Bg4 32. Rhf1 Kg7 33. d4 cxd4 34. Bxg6 Qa5+ 35. Qc3 Qxc3# 0-1

[Event "Wch U20 Girls 40th"]
[Site "Gandhinagar"]
[Date "2024.06.11"]
[Round "9"]
[White "Andhin, Tehjha Nidhi"]
[Black "Cumacenko, Saule"]
[Result "0-1"]
[WhiteElo "1361"]
[BlackElo "1595"]
[PlyCount "58"]
[EventDate "2024.06.02"]
[EventType "swiss"]
[EventRounds "11"]
[EventCountry "IND"]
[SourceTitle "CBM 220 Extra"]
[Source "ChessBase"]
[SourceDate "2024.07.31"]
[SourceVersion "1"]
[SourceVersionDate "2024.07.31"]
[SourceQuality "1"]

1. d4 d5 2. c4 e6 3. cxd5 exd5 4. Nf3 Nf6 5. Nc3 c6 6. Bg5 Bf5 7. e3 Nbd7 8. Be2 Qb6 9. Na4 Qa5+ 10. Nc3 Bb4 11. Qc1 Ne4 12. 0-0 Nxc3 13. Bd1 Nxa2 14. Rxa2 Qxa2 15. Bc2 Bxc2 16. Qxc2 f6 17. Bf4 0-0 18. e4 dxe4 19. Qxe4 Qd5 20. Qd3 Bd6 21. Bxd6 Qxd6 22. Qb3+ Rf7 23. Qxb7 Nb6 24. Qa6 Re8 25. g3 Qd5 26. Kg2 Nc4 27. Rc1 Nd2 28. Rc3 Rfe7 29. Qd3 Qxf3+ 0-1

[Event "Wch U20 Girls 40th"]
[Site "Gandhinagar"]
[Date "2024.06.09"]
[Round "7"]
[White "Natura, Bethi"]
[Black "Cumacenko, Saule"]
[Result "1-0"]
[WhiteElo "1697"]
[BlackElo "1595"]
[PlyCount "61"]
[EventDate "2024.06.02"]
[EventType "swiss"]
[EventRounds "11"]
[EventCountry "IND"]
[SourceTitle "CBM 220 Extra"]
[Source "ChessBase"]
[SourceDate "2024.07.31"]
[SourceVersion "1"]
[SourceVersionDate "2024.07.31"]
[SourceQuality "1"]

1. d4 d5 2. c4 e6 3. Nc3 Nf6 4. cxd5 exd5 5. Bg5 Nbd7 6. e3 Be7 7. Bd3 0-0 8. h3 Re8 9. Nf3 c6 10. 0-0 Nf8 11. Qc2 g6 12. Ne5 Ne6 13. Bh4 Nd7 14. Bxe7 Qxe7 15. f4 Ng7 16. Rf3 f6 17. Ng4 Nb6 18. Nh6+ Kf8 19. Bxg6 hxg6 20. Qxg6 Rd8 21. Rg3 Rd7 22. Nf5 Qf7 23. Qh6 Qh5 24. Qxf6+ Qf7 25. Qh6 Qh5 26. Rg6 Qxh6 27. Nxh6 Nc4 28. f5 Nxe3 29. Re1 Rf7 30. Rxe3 Bxf5 31. Rg5 1-0

[Event "Wch U20 Girls 40th"]
[Site "Gandhinagar"]
[Date "2024.06.06"]
[Round "5"]
[White "Cumacenko, Saule"]
[Black "Sagar, Siya"]
[Result "1-0"]
[WhiteElo "1595"]
[BlackElo "1732"]
[PlyCount "62"]
[EventDate "2024.06.02"]
[EventType "swiss"]
[EventRounds "11"]
[EventCountry "IND"]
[SourceTitle "CBM 220 Extra"]
[Source "ChessBase"]
[SourceDate "2024.07.31"]
[SourceVersion "1"]
[SourceVersionDate "2024.07.31"]
[SourceQuality "1"]

1. e4 e5 2. Nf3 Nc6 3. Nc3 Nf6 4. d4 exd4 5. Nxd4 Nxd4 6. Qxd4 d6 7. Be3 Be7 8. 0-0-0 0-0 9. f3 Be6 10. g4 Nd7 11. Be2 Ne5 12. Rdg1 Bf6 13. Qd2 Nc4 14. Bxc4 Bxc4 15. g5 Be7 16. f4 b5 17. h4 b4 18. Nd5 Bxd5 19. exd5 f5 20. h5 a5 21. Qd4 Qe8 22. h6 Qf7 23. hxg7 Qxg7 24. Qd3 Rfe8 25. Bd4 Qf8 26. g6 Bf6 27. gxh7+ Kf7 28. Bxf6 Kxf6 29. Qd4+ Kf7 30. h8Q Qxh8 31. Rxh8 Rxh8 1-0